Welcome to the Holygrace Academy Library

Please use search bar below to get started

THE SCIENCE OF SELF REALIZATION (Record no. 5697)

MARC details
000 -LEADER
fixed length control field 00305nam a22001217a 4500
082 ## - DEWEY DECIMAL CLASSIFICATION NUMBER
Classification number 158
Item number PRA/S
100 ## - MAIN ENTRY--AUTHOR NAME
Personal name PRABHUPADA,BHAKTIVEDANTA SWAMI
245 ## - TITLE STATEMENT
Title THE SCIENCE OF SELF REALIZATION
260 ## - PUBLICATION, DISTRIBUTION, ETC. (IMPRINT)
Place of publication MUMBAI
Name of publisher BHAKTIVEDANTA BOOK TRUST
300 ## - PHYSICAL DESCRIPTION
Number of Pages 360
650 ## - SUBJECT ADDED ENTRY--TOPICAL TERM
Topical Term SELF REALIZATION
Geographic subdivision MUMBAI
942 ## - ADDED ENTRY ELEMENTS (KOHA)
Koha item type Books
Holdings
Withdrawn status Lost status Collection code Home library Current library Shelving location Date acquired Source of acquisition Full call number Accession Number Koha item type
    Reference Main Library Main Library SHELF-17-J-BIOGRAPHIES & AUTOBIOGRAPHIES 14/05/2009 PURCHASE 158 PRA/S 04520 Books